000 00297nam a22001337a 4500
008 170328b xxu||||| |||| 00| 0 eng d
020 _a089203078X
041 _aeng
080 _a796.3
100 _a8
101 _aSHM
245 _aSPORTS AND EXERCISE IN MIDLIFE
_cGORDON, S.L
942 _2udc
_cBK
999 _c8782
_d8782